000 00498nam a22001817a 4500
005 20251108164024.0
008 250721s2000 xx 000 0 ara d
082 1 4 _a811.9562/منذ
100 1 _aمنذر، حسان
245 1 0 _aراهب الجنة :
_bصياغة مختومة /
246 1 1 _athe vowels of yore
264 1 _aبيروت :
_bدار الجديد،
_c2000.
300 _a100ص
650 1 7 _aالشعر العربي
650 1 7 _aلبنان
942 _2ddc
_cBK
999 _c1637
_d1637